| 000 | 00542nam a2200181 a 4500 | ||
|---|---|---|---|
| 001 | 8081 | ||
| 003 | CO-ViMGA | ||
| 008 | 141112s2004 ck r 000 u spa d | ||
| 020 | _a848921062 | ||
| 040 |
_aCO-ViMGA _bspa _cCO-ViMGA |
||
| 082 | 0 | 4 | _a343.0986 P373e |
| 100 | 1 |
_aPerez Pinzon, Alvaro Orlando _97753 |
|
| 245 | 1 | 0 |
_aEstudios de Derecho Procesal Penal / _cAlvaro Orlando Perez Pinzon |
| 260 |
_aBogotá, _cLibreria del profesional, _c1985 |
||
| 300 | _a86 p. 22 cm | ||
| 650 | 1 | 4 |
_aPROCEDIMIENTO PENAL COLOMBIANO _97754 |
| 942 |
_2ddc _cBK |
||
| 999 |
_c19901 _d19901 |
||